00521nam a2200157Ia 4500008004000000082001700040100002200057245003700079260004100116300001200157650001900169690002900188906001100217999001700228952011800245210210b1968 xxu||||| |||| 00| 0 eng d a821.009 MACM aMACNEICE (Louis). aModern poetry: a personal essay. aOxfordbAt the Clarendon Pressc1968 axix,205 aEnglish Poetry aEnglish Poetry Criticism a027369 c78658d78658 00102ddc40708ENGaALbALcSSSd2021-02-17g0.00l0o821.009 MACMp027369r2021-02-17 00:00:00w2021-02-17yBK